[Event "Oberliga NRW 1819"]
[Site "Germany"]
[Date "2019.01.13"]
[Round "5.5"]
[White "Krings, Christoph"]
[Black "Ossig, Rainer"]
[Result "1-0"]
[WhiteElo "2190"]
[BlackElo "2178"]
[PlyCount "83"]
[EventDate "2018.09.16"]
[EventType "team-tourn"]
[EventRounds "9"]
[EventCountry "GER"]
[SourceTitle "EXT 2020"]
[Source "ChessBase"]
[SourceDate "2019.10.17"]
[SourceVersion "1"]
[SourceVersionDate "2019.10.17"]
[SourceQuality "1"]
[WhiteTeam "Erkenschwick"]
[BlackTeam "Dinslaken"]
[WhiteTeamCountry "GER"]
[BlackTeamCountry "GER"]

1. d4 e6 2. Nf3 f5 3. c4 Nf6 4. g3 d5 5. Bg2 Bd6 6. Bf4 0-0 7. 0-0 h6 8. Bxd6 cxd6 9. cxd5 Nxd5 10. e3 Nc6 11. Nc3 Nxc3 12. bxc3 Na5 13. Nd2 Bd7 14. c4 Rc8 15. Rc1 Qe7 16. f4 Bc6 17. Re1 Bxg2 18. Kxg2 e5 19. Qa4 b6 20. Nf3 e4 21. Nd2 Qf7 22. Rc3 Rc7 23. Rec1 Rfc8 24. Qb4 Qh5 25. Rf1 Rc6 26. Qb5 Qf7 27. Rfc1 d5 28. c5 Nb7 29. Qb4 a5 30. Qb5 bxc5 31. dxc5 Qc7 32. Nb3 Rb8 33. Nd4 Rf6 34. c6 Nd6 35. Qxd5+ Kh8 36. Rb3 Rd8 37. Ne6 Qf7 38. c7 Rd7 39. c8Q+ Nxc8 40. Rxc8+ Kh7 41. Nf8+ Qxf8 42. Qxd7 1-0

[Event "Oberliga NRW 1617"]
[Site "Germany"]
[Date "2017.01.22"]
[Round "5.6"]
[White "Ossig, Rainer"]
[Black "Hirsch, Stefan"]
[Result "1-0"]
[WhiteElo "2149"]
[BlackElo "2194"]
[PlyCount "99"]
[EventDate "2016.09.25"]
[EventType "team-tourn"]
[EventRounds "9"]
[EventCountry "GER"]
[SourceTitle "EXT 2020"]
[Source "ChessBase"]
[SourceDate "2019.10.17"]
[SourceVersion "1"]
[SourceVersionDate "2019.10.17"]
[SourceQuality "1"]
[WhiteTeam "Dinslaken"]
[BlackTeam "Wattenscheid"]
[WhiteTeamCountry "GER"]
[BlackTeamCountry "GER"]

1. Nf3 Nf6 2. g3 g6 3. b3 Bg7 4. Bb2 0-0 5. Bg2 c5 6. c4 Nc6 7. 0-0 d6 8. d4 cxd4 9. Nxd4 Bd7 10. Qd2 a6 11. Rd1 Rb8 12. Nc3 Qa5 13. Nxc6 Bxc6 14. Nd5 Qd8 15. Nxf6+ Bxf6 16. Bxf6 Bxg2 17. Kxg2 exf6 18. Qxd6 f5 19. Qxd8 Rfxd8 20. Kf3 Kf8 21. Rd3 Re8 22. Rad1 Re7 23. Rd8+ Rxd8 24. Rxd8+ Kg7 25. e3 Rc7 26. Ke2 Kf6 27. Kd3 Ke6 28. Kd4 Ke7 29. Rd5 Rc8 30. a4 h5 31. h4 Rc6 32. b4 Rc8 33. c5 Rc6 34. b5 axb5 35. axb5 Rc8 36. Rd6 Ra8 37. Rb6 Rd8+ 38. Ke5 Rd7 39. Rd6 Rc7 40. Kd5 Rc8 41. c6 bxc6+ 42. Rxc6 Rd8+ 43. Kc5 Rd2 44. b6 Kd7 45. Rc7+ Kd8 46. Rxf7 Kc8 47. Rg7 Rc2+ 48. Kd5 Rxf2 49. Rxg6 Rf3 50. Kc6 1-0

[Event "BL2-West 1516"]
[Site "Germany"]
[Date "2016.04.24"]
[Round "2.6"]
[White "Gulbas, Cemil"]
[Black "Ossig, Rainer"]
[Result "1-0"]
[WhiteElo "2352"]
[BlackElo "2152"]
[PlyCount "79"]
[EventDate "2015.09.20"]
[EventType "team-tourn"]
[EventRounds "9"]
[EventCountry "GER"]
[SourceTitle "EXT 2017"]
[Source "ChessBase"]
[SourceDate "2016.10.25"]
[SourceVersion "1"]
[SourceVersionDate "2016.10.25"]
[SourceQuality "1"]
[WhiteTeam "Aachen DJK"]
[BlackTeam "Dinslaken"]
[WhiteTeamCountry "GER"]
[BlackTeamCountry "GER"]

1. e4 e6 2. d4 d5 3. Nc3 h6 4. Nf3 Nf6 5. Bd3 Bb4 6. e5 Ne4 7. Bd2 Nxd2 8. Qxd2 c5 9. a3 Qa5 10. dxc5 Bxc3 11. bxc3 Nd7 12. 0-0 Qxc5 13. Rfe1 Nb6 14. Nd4 Bd7 15. Qf4 Qxc3 16. Nb5 Bxb5 17. Bxb5+ Ke7 18. Rab1 Rac8 19. Bd3 Rc7 20. Qh4+ Kd7 21. Qg4 g6 22. Re3 Qc5 23. Rf3 Qe7 24. Rf4 Kc8 25. Rfb4 h5 26. Qd4 Qc5 27. Qf4 Qe7 28. a4 Nd7 29. a5 Nc5 30. Bf1 Rd8 31. g3 Rdd7 32. h4 Rd8 33. Qd4 Kb8 34. R4b2 Ka8 35. a6 b6 36. c4 Ne4 37. cxd5 exd5 38. Bg2 Qc5 39. Qd3 Qc6 40. Bxe4 1-0

[Event "BL2-West 1516"]
[Site "Germany"]
[Date "2016.02.21"]
[Round "7.5"]
[White "Reinderman, Dimitri"]
[Black "Ossig, Rainer"]
[Result "1-0"]
[WhiteElo "2591"]
[BlackElo "2161"]
[PlyCount "79"]
[EventDate "2015.09.20"]
[EventType "team-tourn"]
[EventRounds "9"]
[EventCountry "GER"]
[SourceTitle "EXT 2017"]
[Source "ChessBase"]
[SourceDate "2016.10.25"]
[SourceVersion "1"]
[SourceVersionDate "2016.10.25"]
[SourceQuality "1"]
[WhiteTeam "Koeln Porz"]
[BlackTeam "Dinslaken"]
[WhiteTeamCountry "GER"]
[BlackTeamCountry "GER"]

1. Nf3 e6 2. d4 f5 3. Bf4 Nf6 4. e3 b6 5. Be2 Bb7 6. 0-0 d6 7. c4 g6 8. Nc3 Bg7 9. c5 0-0 10. cxd6 cxd6 11. Rc1 Qe7 12. Qb3 Rd8 13. Rc2 Nc6 14. Rfc1 Rac8 15. Qa3 Na5 16. Nb5 Rxc2 17. Rxc2 Ne4 18. Rc7 Rd7 19. Bxd6 Nxd6 20. Rxd7 Qxd7 21. Qxd6 Qxd6 22. Nxd6 Bd5 23. b3 Bf8 24. Nb5 Nc6 25. Bc4 Bxc4 26. bxc4 Na5 27. Nxa7 Nxc4 28. Nb5 Be7 29. Kf1 Bf6 30. Ke2 g5 31. Kd3 Na5 32. a4 Nc6 33. Kc4 Na5+ 34. Kc3 Nc6 35. Nc7 e5 36. Nd5 exd4+ 37. Nxd4 Nxd4 38. Nxf6+ Kf7 39. Kxd4 Kxf6 40. Kd5 1-0

[Event "BL2-West 1516"]
[Site "Germany"]
[Date "2015.12.13"]
[Round "4.7"]
[White "Ossig, Rainer"]
[Black "Van Osch, Mees"]
[Result "1-0"]
[WhiteElo "2147"]
[BlackElo "2263"]
[PlyCount "81"]
[EventDate "2015.09.20"]
[EventType "team-tourn"]
[EventRounds "9"]
[EventCountry "GER"]
[SourceTitle "EXT 2017"]
[Source "ChessBase"]
[SourceDate "2016.10.25"]
[SourceVersion "1"]
[SourceVersionDate "2016.10.25"]
[SourceQuality "1"]
[WhiteTeam "Dinslaken"]
[BlackTeam "Muelheim II"]
[WhiteTeamCountry "GER"]
[BlackTeamCountry "GER"]

1. Nf3 Nf6 2. g3 d5 3. Bg2 c5 4. d4 cxd4 5. 0-0 h6 6. Bf4 e6 7. Nxd4 Nbd7 8. Nf3 Be7 9. c4 0-0 10. Qc1 b6 11. Nc3 Bb7 12. Ne5 Nxe5 13. Bxe5 Rc8 14. cxd5 Nxd5 15. Rd1 Bf6 16. Bxd5 exd5 17. Bxf6 Qxf6 18. Qf4 Qxf4 19. gxf4 Rc4 20. e3 Rd8 21. Rd2 Rd6 22. Ne2 Rg6+ 23. Kf1 Ba6 24. Rad1 Rc5 25. Rxd5 Rc2 26. R5d2 Rc5 27. f3 Rh5 28. f5 Rxf5 29. Kf2 Bxe2 30. Rxe2 Rgf6 31. f4 g5 32. Rd8+ Kh7 33. Rc2 gxf4 34. e4 Rh5 35. Kf3 Rh3+ 36. Kg4 Re3 37. Rcc8 h5+ 38. Kg5 Rg6+ 39. Kf5 f6 40. Rh8+ Kg7 41. Rcg8+ 1-0

[Event "Oberliga NRW 1415"]
[Site "Germany"]
[Date "2015.02.08"]
[Round "6.6"]
[White "Ossig, Rainer"]
[Black "Van Osch, Mees"]
[Result "0-1"]
[WhiteElo "2125"]
[BlackElo "2304"]
[PlyCount "74"]
[EventDate "2014.09.14"]
[EventType "team-tourn"]
[EventRounds "9"]
[EventCountry "GER"]
[SourceTitle "EXT 2017"]
[Source "ChessBase"]
[SourceDate "2016.10.25"]
[SourceVersion "1"]
[SourceVersionDate "2016.10.25"]
[SourceQuality "1"]
[WhiteTeam "Dinslaken"]
[BlackTeam "Muelheim Nord II"]
[WhiteTeamCountry "GER"]
[BlackTeamCountry "GER"]

1. Nf3 g6 2. d4 Bg7 3. e4 d6 4. Be2 Nf6 5. Nc3 c6 6. a4 0-0 7. 0-0 Bg4 8. Be3 Nbd7 9. Qd2 c5 10. d5 Qa5 11. Ra3 a6 12. Ng5 h6 13. Nf3 Kh7 14. Re1 Nb6 15. Nb1 Qxd2 16. Nbxd2 Nfd7 17. Ng5+ hxg5 18. Bxg4 f5 19. Bxg5 fxg4 20. Bxe7 Bxb2 21. Rb3 Bd4 22. Bxf8 Rxf8 23. Re2 a5 24. Rb5 Nxa4 25. Rxb7 Rf7 26. Nb3 Nc3 27. Nxd4 cxd4 28. Re1 Kg7 29. Ra7 a4 30. Ra6 Nc5 31. Rxd6 N5xe4 32. Re6 a3 33. f3 gxf3 34. gxf3 Ng5 35. Kf2 Nxe6 36. dxe6 Re7 37. Re5 a2 0-1

[Event "Oberliga NRW 1415"]
[Site "Germany"]
[Date "2014.11.16"]
[Round "3.6"]
[White "Lauzeningks, Jan"]
[Black "Ossig, Rainer"]
[Result "1-0"]
[WhiteElo "2264"]
[BlackElo "2125"]
[PlyCount "57"]
[EventDate "2014.09.14"]
[EventType "team-tourn"]
[EventRounds "9"]
[EventCountry "GER"]
[SourceTitle "EXT 2017"]
[Source "ChessBase"]
[SourceDate "2016.10.25"]
[SourceVersion "1"]
[SourceVersionDate "2016.10.25"]
[SourceQuality "1"]
[WhiteTeam "Duesseldorf"]
[BlackTeam "Dinslaken"]
[WhiteTeamCountry "GER"]
[BlackTeamCountry "GER"]

1. e4 e6 2. d4 d5 3. Nd2 Nc6 4. Ngf3 Nf6 5. e5 Nd7 6. Nb3 a5 7. a4 Be7 8. Bb5 Na7 9. Be2 b6 10. 0-0 0-0 11. c3 Nb8 12. Be3 Ba6 13. Bxa6 Nxa6 14. Qe2 Nc6 15. Ne1 Qd7 16. Nd3 Rfc8 17. Nf4 Ncb8 18. Nh5 Kh8 19. Qg4 Rg8 20. Rfe1 c5 21. Bf4 Nc6 22. Re3 cxd4 23. cxd4 Nc7 24. Rh3 f5 25. Nf6 gxf6 26. Rxh7+ Kxh7 27. Qh5+ Kg7 28. Bh6+ Kh7 29. Bf8# 1-0

[Event "Oberliga NRW 1415"]
[Site "Germany"]
[Date "2014.09.14"]
[Round "1.6"]
[White "Kretschmann, Thomas"]
[Black "Ossig, Rainer"]
[Result "1/2-1/2"]
[WhiteElo "2069"]
[BlackElo "2125"]
[PlyCount "51"]
[EventDate "2014.09.14"]
[EventType "team-tourn"]
[EventRounds "9"]
[EventCountry "GER"]
[SourceTitle "EXT 2017"]
[Source "ChessBase"]
[SourceDate "2016.10.25"]
[SourceVersion "1"]
[SourceVersionDate "2016.10.25"]
[SourceQuality "1"]
[WhiteTeam "Duisburg PSV"]
[BlackTeam "Dinslaken"]
[WhiteTeamCountry "GER"]
[BlackTeamCountry "GER"]

1. e4 e6 2. d4 d5 3. Nd2 Nc6 4. Ngf3 Nf6 5. exd5 exd5 6. Bd3 Bg4 7. h3 Bh5 8. c3 Bd6 9. 0-0 0-0 10. Re1 Re8 11. Rxe8+ Qxe8 12. Nf1 Ne7 13. Ng3 Bg6 14. Ne5 Bxd3 15. Qxd3 Nd7 16. Nxd7 Qxd7 17. Bg5 f6 18. Bd2 Bxg3 19. Qxg3 Nf5 20. Qg4 Re8 21. Re1 Rxe1+ 22. Bxe1 g6 23. Qe2 Kf7 24. b3 Nd6 25. f3 c6 26. g4 1/2-1/2

[Event "Oberliga NRW 1314"]
[Site "Germany"]
[Date "2014.04.27"]
[Round "9.5"]
[White "Ossig, Rainer"]
[Black "Wagenknecht, Uwe"]
[Result "1/2-1/2"]
[WhiteElo "2104"]
[BlackElo "2165"]
[PlyCount "55"]
[EventDate "2013.09.15"]
[EventType "team-tourn"]
[EventRounds "9"]
[EventCountry "GER"]
[SourceTitle "EXT 2015"]
[Source "ChessBase"]
[SourceDate "2014.11.20"]
[SourceVersion "1"]
[SourceVersionDate "2014.11.20"]
[SourceQuality "1"]
[WhiteTeam "Dinslaken"]
[BlackTeam "Koeln Porz II"]
[WhiteTeamCountry "GER"]
[BlackTeamCountry "GER"]

1. Nf3 b6 2. g3 Bb7 3. Bg2 g6 4. 0-0 Bg7 5. c4 e5 6. Nc3 Ne7 7. d3 0-0 8. Bg5 h6 9. Bd2 c6 10. a4 a5 11. Qb3 Na6 12. Be3 Nb4 13. Ne1 Nf5 14. Bd2 Nd4 15. Qd1 d5 16. e3 Ne6 17. cxd5 cxd5 18. Nb5 Na6 19. Nc2 Qd7 20. d4 e4 21. Re1 Rfc8 22. Bf1 Bf8 23. Bc3 Nac7 24. Nca3 Bc6 25. Qb3 Nxb5 26. Nxb5 Nc7 27. Nxc7 Rxc7 28. Rec1 1/2-1/2

[Event "Oberliga NRW 1314"]
[Site "Germany"]
[Date "2014.03.09"]
[Round "7.5"]
[White "Ossig, Rainer"]
[Black "Krueger, Andre"]
[Result "1-0"]
[WhiteElo "2104"]
[BlackElo "2024"]
[PlyCount "95"]
[EventDate "2013.09.15"]
[EventType "team-tourn"]
[EventRounds "9"]
[EventCountry "GER"]
[SourceTitle "EXT 2015"]
[Source "ChessBase"]
[SourceDate "2014.11.20"]
[SourceVersion "1"]
[SourceVersionDate "2014.11.20"]
[SourceQuality "1"]
[WhiteTeam "Dinslaken"]
[BlackTeam "Muelheim II"]
[WhiteTeamCountry "GER"]
[BlackTeamCountry "GER"]

1. Nf3 Nf6 2. g3 b6 3. Bg2 Bb7 4. 0-0 e6 5. c4 Be7 6. Nc3 0-0 7. Re1 d5 8. Ne5 Nbd7 9. d4 Ne4 10. Nxe4 Nxe5 11. cxd5 exd5 12. dxe5 dxe4 13. Qc2 Qd5 14. Rd1 Qxe5 15. Bf4 Qe6 16. Qxc7 Ba6 17. Qc2 f5 18. Bf1 Bf6 19. Qa4 Qc4 20. Qa3 Bb5 21. Rac1 Qa4 22. Qxa4 Bxa4 23. b3 Be8 24. Bd6 Rf7 25. e3 Rd7 26. Bb5 Rxd6 27. Bc4+ Kf8 28. Rxd6 Ke7 29. Rdd1 Bb2 30. Rc2 Ba3 31. Ba6 Bc5 32. Be2 a5 33. Rd5 Kf6 34. Rcd2 Ra7 35. Rd8 Ke7 36. R8d5 Kf6 37. Rc2 a4 38. Rd1 axb3 39. axb3 Ra3 40. Rb1 Bb4 41. Rc4 Bd6 42. Rd4 Ke7 43. Rd5 g6 44. Rbd1 Bc5 45. Re5+ Kf8 46. Rd8 Be7 47. Rb8 Rxb3 48. Bb5 1-0

[Event "Bayern-chI Bank Hofmann 15th"]
[Site "Bad Wiessee"]
[Date "2011.10.30"]
[Round "2"]
[White "Ossig, Rainer"]
[Black "Kempinski, Robert"]
[Result "0-1"]
[WhiteElo "2000"]
[BlackElo "2604"]
[PlyCount "70"]
[EventDate "2011.10.29"]
[EventType "swiss"]
[EventRounds "9"]
[EventCountry "GER"]
[SourceTitle "EXT 2012"]
[Source "ChessBase"]
[SourceDate "2011.11.24"]
[SourceVersion "1"]
[SourceVersionDate "2011.11.24"]
[SourceQuality "1"]

1. Nf3 Nf6 2. g3 g6 3. b3 d5 4. Bb2 c5 5. c4 d4 6. b4 Bg7 7. Bg2 0-0 8. 0-0 Re8 9. bxc5 Ne4 10. d3 Nxc5 11. Ba3 Nba6 12. Nbd2 Rb8 13. Nb3 Ne6 14. Rb1 Bd7 15. Qd2 h6 16. Bb2 Bc6 17. e3 dxe3 18. fxe3 Bxb2 19. Rxb2 Qc7 20. Nbd4 Nac5 21. Nxc6 bxc6 22. Rxb8 Rxb8 23. d4 Nd7 24. e4 c5 25. d5 Ng5 26. Nxg5 hxg5 27. Qxg5 Qe5 28. Qf4 Qd4+ 29. Qf2 Qxf2+ 30. Rxf2 Rb1+ 31. Bf1 Ne5 32. Kg2 a5 33. h3 a4 34. Rd2 a3 35. d6 exd6 0-1

[Event "GER-ch43 V10 email"]
[Site "GER email"]
[Date "2011.04.10"]
[Round "?"]
[White "Junge, Wolfgang"]
[Black "Ossig, Rainer"]
[Result "1/2-1/2"]
[WhiteElo "2180"]
[BlackElo "1936"]
[PlyCount "82"]
[EventDate "2011.04.18"]
[EventType "tourn (corr)"]
[EventRounds "10"]
[EventCountry "GER"]
[SourceTitle "Corr 2015"]
[Source "ChessBase"]
[SourceDate "2015.07.17"]
[SourceVersion "1"]
[SourceVersionDate "2015.07.17"]
[SourceQuality "1"]
[WhiteTeam "Germany"]
[BlackTeam "Latvia"]
[WhiteTeamCountry "GER"]
[BlackTeamCountry "LAT"]

1. d4 e6 2. c4 b6 3. Nc3 Bb4 4. Nf3 Bb7 5. e3 Bxc3+ 6. bxc3 f5 7. Bd3 Nf6 8. 0-0 0-0 9. Ba3 d6 10. Nd2 c5 11. Re1 Nc6 12. e4 f4 13. Nf3 e5 14. d5 Na5 15. Bb4 Bc8 16. Bxa5 bxa5 17. Rb1 Bg4 18. h3 Bh5 19. Rb3 Rb8 20. Bc2 Qc7 21. Qd3 Bxf3 22. Qxf3 Rb6 23. Reb1 Rfb8 24. Qd3 g6 25. Bd1 R8b7 26. Rxb6 Rxb6 27. Rb5 Rxb5 28. cxb5 c4 29. Qe2 Kg7 30. a4 Qc8 31. Bc2 a6 32. Bd1 axb5 33. axb5 Qc5 34. Ba4 Nd7 35. b6 Nxb6 36. Bc6 h5 37. Qb2 Kf7 38. Qa1 Ke7 39. h4 Kf8 40. Qb1 Kg7 41. Qb2 Kf8 1/2-1/2

[Event "GER-ch43 V10 email"]
[Site "GER email"]
[Date "2011.04.10"]
[Round "?"]
[White "Ossig, Rainer"]
[Black "Wuttke, Johannes"]
[Result "1/2-1/2"]
[WhiteElo "1936"]
[BlackElo "2004"]
[PlyCount "71"]
[EventDate "2011.04.18"]
[EventType "tourn (corr)"]
[EventRounds "10"]
[EventCountry "GER"]
[SourceTitle "Corr 2015"]
[Source "ChessBase"]
[SourceDate "2015.07.17"]
[SourceVersion "1"]
[SourceVersionDate "2015.07.17"]
[SourceQuality "1"]
[WhiteTeam "Germany"]
[BlackTeam "Latvia"]
[WhiteTeamCountry "GER"]
[BlackTeamCountry "LAT"]

1. Nf3 Nf6 2. g3 d5 3. Bg2 e6 4. 0-0 Be7 5. c4 0-0 6. b3 c5 7. Bb2 Nc6 8. e3 b6 9. Nc3 Bb7 10. cxd5 Nxd5 11. Nxd5 exd5 12. d4 Qd7 13. Rc1 Rac8 14. Qd2 Rfd8 15. dxc5 bxc5 16. Rfd1 Qe6 17. Ba3 Nb8 18. Ne1 Qa6 19. Bb2 Nc6 20. Nd3 d4 21. Qe2 Bf8 22. Rd2 dxe3 23. fxe3 Nb4 24. Nxb4 cxb4 25. Qxa6 Bxa6 26. Rxd8 Rxd8 27. Bd4 Bb5 28. Kf2 a6 29. Be4 h6 30. Kf3 Bd6 31. h3 Kf8 32. g4 f6 33. h4 Re8 34. h5 a5 35. Bb6 a4 36. Bc7 1/2-1/2